000 01155nam a2200349Ia 4500
001 Z_5987
003 CHAP
008 220113s2007 xx 000 0 und d
010 _a169199
020 _a84-7114-606-1
040 _cCHAP
082 _a635.9642 S55
100 _aSmiley, Richard W.
_9106926
245 _aPlagas y enfermedades de los céspedes /
_cRichard W. Smiley, Peter H. Dernoeden y Bruce B. Clarke ; traducción Begoña de Sebastián Celaya
260 _aEspaña :
_bMundi-Prensa,
_c2007
300 _avi, 100 p.
500 _aTítulo original en inglés: Compendium of turfgrass diseases
503 _aej.1: C/E
504 _aIncluye bibliografía
650 _aCesped
_924332
650 _aControl de enfermedades
_9137476
650 _aControl de plagas
_927595
650 _aEnfermedades de las plantas
_9143619
700 _aI. Dernoeden, Peter H., coaut. II. Clarke, Bruce B., coaut. III. Sebastián Celaya, Begoña de, tr.
_9143620
710 _aI. The American Phytopathological Society
_9143621
901 _a635.9642 S55
902 _aM
910 _a2007
942 _c1
942 _cc1
999 _c169199
_d169199